| 000 | 00836cam a2200229 4500 | ||
|---|---|---|---|
| 001 | ABS62734 | ||
| 008 | 000000n2000 000 0 eng u | ||
| 035 | _a(Sirsi) u108218 | ||
| 100 | _aRiffat, S. | ||
| 245 | _aRenewable energy - photovoltaic technology | ||
| 260 | _c2000 | ||
| 490 |
_aFaculty of Building Journal _v9(4) August 2000, 18-20(3) |
||
| 520 | _aLooks at photovoltaic technology as an alternative energy source. Illustrates the benefits of such renewable energy sources by giving examples of six buildings that use photovoltaic (PV) systems | ||
| 590 | _aABS | ||
| 650 | _aPHOTOVOLTAIC SYSTEMS | ||
| 650 | _aRENEWABLE ENERGY | ||
| 650 |
_aENERGY _96237 |
||
| 650 | _aGREEN BUILDINGS | ||
| 650 | _aSOLAR ENERGY | ||
| 690 | _aENVIRONMENTAL AND LAND CONSULTANCY-ENERGY-ENERGY USE-ENERGY EFFICIENCY | ||
| 942 | _n0 | ||
| 999 |
_c64635 _d64635 |
||